| 000 | 00347nam a22001457a 4500 | ||
|---|---|---|---|
| 999 |
_c10611 _d10611 |
||
| 003 | OSt | ||
| 008 | 210401b ||||| |||| 00| 0 eng d | ||
| 100 | _aRAJPUT,RK | ||
| 245 | _aText book of Fluid Mechanics and Hydraulic Machines | ||
| 250 | _aRep | ||
| 260 |
_aNew Delhi _bS.Chand _c2014 |
||
| 300 | _aMISC | ||
| 650 | _aME | ||
| 942 |
_2ddc _cBK _032 |
||